| 000 | 00829nam a22002057a 4500 | ||
|---|---|---|---|
| 999 |
_c12716 _d12716 |
||
| 003 | AR-CdUCM | ||
| 008 | 190410b ||||| |||| 00| 0 spa d | ||
| 040 |
_aMUNICIPALIDAD PROVINCIAL DEL CUSCO _cBIBLIOTECA MUNICIPAL DEL CUSCO |
||
| 082 |
_a641.3521 / _bV17 |
||
| 100 |
_aValcárcel, Gustavo _9737 |
||
| 245 | _aHistoria y biografía de la papa / | ||
| 260 |
_aAbancay : _bEdiciones Cicca, _c1981. |
||
| 300 |
_a26 páginas ; _c18 cm. |
||
| 505 | _aContenido: Fabulas y testimonios de la introducción de la papa en Europa -- Nuevas teorías del viaje transcontinental de la papa -- El papel revolucionario de la papa -- La papa en los estados unidos... | ||
| 650 |
_aHistoria de la papa _930721 |
||
| 650 |
_aPapa peruana _930722 |
||
| 650 |
_aVariedades de papa _930723 |
||
| 942 |
_2ddc _cLIBROS |
||
| 945 |
_adavv _d10/04/2019 |
||